Budovanie značky a dôvery spotrebiteľa

Príspevok je prioritne orientovaný na Národný vzdelávací projekt spoločenskej zodpovednosti zameraný na podporu stability makroekonomiky Slovenska – Kvalita z našich regiónov. Projekt sa snaží o dosiahnutie synergie a partnerstva medzi jednotlivými účastníkmi trhu tak, aby spoločne dokázali vzdeláva...

Descripción completa

Guardado en:
Detalles Bibliográficos
Autor principal: Tauchmannová, Bohumila
Formato: Capítulo de libro
Lenguaje:eslovaco
Materias:
Etiquetas: Agregar Etiqueta
Sin Etiquetas, Sea el primero en etiquetar este registro!

MARC

LEADER 00000nla a2200000 4500
001 0195826
005 20240502073307.6
041 0 |a slo 
044 |a SK 
245 1 0 |a Budovanie značky a dôvery spotrebiteľa  |c Bohumila Tauchmannová 
520 |a Príspevok je prioritne orientovaný na Národný vzdelávací projekt spoločenskej zodpovednosti zameraný na podporu stability makroekonomiky Slovenska – Kvalita z našich regiónov. Projekt sa snaží o dosiahnutie synergie a partnerstva medzi jednotlivými účastníkmi trhu tak, aby spoločne dokázali vzdelávať spotrebiteľa a vplývať na jeho nákupné rozhodnutia v prospech všetkých účastníkov trhu. Právny rámec ochrany spotrebiteľa v EÚ. 
610 2 0 |a trh 
610 2 0 |a spotrebitelia 
610 2 0 |a výchova 
610 2 0 |a vzdelávanie 
610 2 0 |a dôvera 
610 2 0 |a projekty 
610 2 0 |a Slovensko 
610 2 0 |a ochrana spotrebiteľa 
610 2 0 |a úpravy právne 
100 1 |a Tauchmannová, Bohumila